00708naa a2200157uuc4500001000800000005001700008008004100025035001200066040001300078041000800091100007800099245004500177300001300222700004600235773026900281135503920240925141440.0140116s2011 spa  a1355039 ccomduadb aspa 0aDuarte Duarte, JakelinecDoctora en Ciencias Sociales y Humanas4auteaut10aContextualización de la problemática ap. 27-4410aGarcia Botero, Gloria Esperanza4auteaut0 tEstado del arte de las investigaciones y programas sobre la atención y el desarrollo de la primera infancia realizados en los municipios de Medellín, Bello, Envigado, Sabaneta e Itagüí del Valle de Aburra, entre 1994 y 2005.w1355005z97716927150080681234